[Event "Belgrade-ch sf"]
[Site "Belgrade"]
[Date "2017.01.27"]
[Round "5"]
[White "Petrovic, Milan M"]
[Black "Lazarov, Bojan"]
[Result "1-0"]
[WhiteElo "1933"]
[BlackElo "1717"]
[PlyCount "47"]
[EventDate "2017.01.23"]
[EventType "swiss"]
[EventRounds "7"]
[EventCountry "SRB"]
[SourceTitle "CBM 176 Extra"]
[Source "ChessBase"]
[SourceDate "2017.03.02"]
[SourceVersion "1"]
[SourceVersionDate "2017.03.02"]
[SourceQuality "1"]

1. e4 c5 2. Nc3 Nc6 3. f4 d6 4. Nf3 g6 5. Bc4 a6 6. d3 b5 7. Bb3 Bg7 8. 0-0 Bb7 9. Qe1 b4 10. Ne2 Na5 11. Ng3 Nxb3 12. axb3 a5 13. f5 a4 14. Rxa4 Rxa4 15. bxa4 Ba6 16. b3 Nf6 17. e5 dxe5 18. Nxe5 0-0 19. Nc6 Qd6 20. Nxe7+ Kh8 21. fxg6 hxg6 22. Bb2 Bb7 23. Ngf5 gxf5 24. Qh4+ 1-0

[Event "Belgrade-ch sf"]
[Site "Belgrade"]
[Date "2017.01.26"]
[Round "4"]
[White "Lazarov, Bojan"]
[Black "Milutinovic, Dimitrije"]
[Result "1/2-1/2"]
[WhiteElo "1717"]
[BlackElo "1866"]
[PlyCount "60"]
[EventDate "2017.01.23"]
[EventType "swiss"]
[EventRounds "7"]
[EventCountry "SRB"]
[SourceTitle "CBM 176 Extra"]
[Source "ChessBase"]
[SourceDate "2017.03.02"]
[SourceVersion "1"]
[SourceVersionDate "2017.03.02"]
[SourceQuality "1"]

1. e4 c6 2. d4 d5 3. Nc3 dxe4 4. Nxe4 Nd7 5. Nf3 Ngf6 6. Ng3 g6 7. Bd3 Bg7 8. h4 h5 9. c3 Nb6 10. Qc2 Qd5 11. Ne2 Bf5 12. Nf4 Bxd3 13. Qxd3 Qe4+ 14. Be3 Nbd5 15. Qxe4 Nxe4 16. Nxd5 cxd5 17. Ne5 Nd6 18. Nd3 Bh6 19. Bf4 Bxf4 20. Nxf4 e6 21. f3 Nf5 22. Kf2 Kd7 23. Nd3 b6 24. Rae1 Rac8 25. g3 Kd6 26. Re2 Rce8 27. Rhe1 Re7 28. Nf4 Nh6 29. Re5 Rhe8 30. a3 Nf5 1/2-1/2